000
00309nam a22001217a 4500
040
_c
HS
082
_a
338
100
_a
ឆាយ គង្គា
245
_a
Agricultural development strategic process and structure
260
_a
United Nation
_b
ឆាយ គង្គា
_c
NA
300
_a
491p;
942
_c
EK
999
_c
9712
_d
9712